000
00297nam a22001337a 4500
003
SGT
020
_a
9780836270327
082
_a
940.53
_b
L95W
100
_a
WILSON, CARA
245
_a
LOVE, OTTO: THE LEGACY OF ANNY FRANK
260
_b
ANDREWS AND MEMEEL
_c
1995
300
_a
146
942
_2
ddc
_c
BK
999
_c
29206
_d
29206